书目信息 |
| 题名: |
三高, 与我无缘
|
|
| 作者: | 陈复平 , 李军 主编 | |
| 分册: | ||
| 出版信息: | 北京 中国轻工业出版社 2004.10 |
|
| 页数: | 151页 | |
| 开本: | 20cm | |
| 丛书名: | ||
| 单 册: | ||
| 中图分类: | R589 | |
| 科图分类: | ||
| 主题词: | 内分泌病 , 代谢病 | |
| 电子资源: | ||
| ISBN: | 7-5019-4505-5 | |
| 000 | 00615nam0 2200217 450 | |
| 001 | 1738349197 | |
| 005 | 20170908104012.25 | |
| 010 | @a7-5019-4505-5@dCNY16.00 | |
| 100 | @a20170908d2004 km y0chiy0120 ea | |
| 101 | 0 | @achi |
| 102 | @aCN@b110000 | |
| 200 | 1 | @a三高, 与我无缘@Asan gao,yu wo wu yuan@f陈复平, 李军主编@Fchen fu ping,li jun zhu bian |
| 210 | @a北京@c中国轻工业出版社@d2004.10 | |
| 215 | @a151页@d20cm | |
| 606 | 0 | @a内分泌病 |
| 606 | 0 | @a代谢病 |
| 690 | @aR589@v4 | |
| 701 | 0 | @a陈复平@Achen fu ping@4主编 |
| 701 | 0 | @a李军@Ali jun@4主编 |
| 801 | 0 | @aCN@bMUSE@c20170908 |
| 905 | @aMUSE@dR589@eC414 | |
| 三高, 与我无缘/陈复平, 李军主编.-北京:中国轻工业出版社,2004.10 |
| 151页;20cm |
| ISBN 7-5019-4505-5:CNY16.00 |
| ● |
| 相关链接 |
|
|
|
正题名:三高, 与我无缘
索取号:R589/C414
 
预约/预借
| 序号 | 登录号 | 条形码 | 馆藏地/架位号 | 状态 | 备注 |
| 1 | 1239599 | 212395996 | 自科库401/401自科库 19排1列4层/ [索取号:R589/C414] | 在馆 |